Nursing Practice Hospital and Home: (Record no. 5532)

MARC details
000 -LEADER
fixed length control field 00647nam a2200205 4500
003 - CONTROL NUMBER IDENTIFIER
control field OSt
005 - DATE AND TIME OF LATEST TRANSACTION
control field 20191030104228.0
008 - FIXED-LENGTH DATA ELEMENTS--GENERAL INFORMATION
fixed length control field 170213b xxu||||| |||| 00| 0 eng d
020 ## - INTERNATIONAL STANDARD BOOK NUMBER
International Standard Book Number 9780443074578
040 ## - CATALOGING SOURCE
Transcribing agency 040a
082 ## - DEWEY DECIMAL CLASSIFICATION NUMBER
Classification number WY 195
Item number N937n 2007
100 ## - MAIN ENTRY--PERSONAL NAME
Personal name Alexander, Margaret F.; Fawcett, Josephine N.; Runciman, Phyllis J.
9 (RLIN) 13017
245 ## - TITLE STATEMENT
Title Nursing Practice Hospital and Home:
Remainder of title the adult
250 ## - EDITION STATEMENT
Edition statement 3rd.ed
260 ## - PUBLICATION, DISTRIBUTION, ETC. (IMPRINT)
Place of publication, distribution, etc. Edinburgh;
Name of publisher, distributor, etc. Churchill Livingstone,
Date of publication, distribution, etc. 2007
300 ## - PHYSICAL DESCRIPTION
Extent xvii,1265p;
Other physical details col. ill :
Dimensions 28 cm.
504 ## - BIBLIOGRAPHY, ETC. NOTE
Bibliography, etc Includes bibliographical references and index
650 ## - SUBJECT ADDED ENTRY--TOPICAL TERM
Topical term or geographic name as entry element Nursing practice
9 (RLIN) 705
942 ## - ADDED ENTRY ELEMENTS (KOHA)
Source of classification or shelving scheme Other/Generic Classification Scheme
Koha item type Open Shelf
Holdings
Withdrawn status Lost status Source of classification or shelving scheme Damaged status Not for loan Home library Current library Date acquired Source of acquisition Inventory number Total Checkouts Full call number Barcode Date last seen Koha item type
    Other/Generic Classification Scheme     MUST Main Library MUST Main Library 13/02/2017 Donation 09/31308   WY195 N937n 2007 2017-0169 13/02/2017 Open Shelf
    Other/Generic Classification Scheme     MUST Main Library MUST Main Library 13/02/2017 Donation 09/31738   WY195 N937n 2007 2017-0170 13/02/2017 Open Shelf
    Other/Generic Classification Scheme     MUST Main Library MUST Main Library 13/02/2017 Donation 12/35626   WY195 N937n 2007 2017-0171 13/02/2017 Open Shelf
    Other/Generic Classification Scheme     MUST Main Library MUST Main Library 13/02/2017 Donation 11/35401   WY195 N937n 2007 2017-0173 13/02/2017 Open Shelf
    Other/Generic Classification Scheme     MUST Main Library MUST Main Library 13/02/2017 Donation 11/32906   WY195 N937n 2007 2017-0174 13/02/2017 Open Shelf
    Other/Generic Classification Scheme     MUST Main Library MUST Main Library 13/02/2017 Donation 11/32805   WY195 N937n 2007 2017-0175 13/02/2017 Open Shelf
    Other/Generic Classification Scheme     MUST Main Library MUST Main Library 02/03/2017 Purchase 10/32331   WY195 N937n 2007 2017-0313 02/03/2017 Open Shelf